Statistiques concernant Pays du Monde avec un I en deuxième lettre

Cliquez ici pour prendre le quiz!

Statistiques générales

  • Ce quiz a été pris 370 fois
    (368 depuis la dernière actualisation)
  • Le résultat moyen est 16 sur 20

Statistiques - réponses

Réponse% Correct
Libye
92%
Birmanie
89%
Liban
88%
Finlande
87%
Lituanie
87%
Liberia
84%
Niger
84%
Nigeria
83%
Fidji
81%
Zimbabwe
81%
Liechtenstein
79%
Biélorussie
78%
Kiribati
77%
Nicaragua
76%
Micronésie
74%
Viêt Nam
73%
Kirghizistan
72%
Singapour
65%
Timor-Oriental
65%
Sierra Leone
63%

Distribution des résultats

Percentile par nombre de réponses

% des personnes avec chaque résultat

Votre développement - résultats

Vous n’avez pas pris ce quiz depuis la dernière actualisation